[Event "ICS rated standard match"]
[Site "204.178.125.65"]
[Date "2000.08.02"]
[Round "?"]
[White "BrazilianMaster"]
[Black "Hossa"]
[Result "1/2-1/2"]
[WhiteElo "2438"]
[BlackElo "2326"]
[PlyCount "296"]
[EventDate "2000.??.??"]

1. e4 c5 2. Nf3 d6 3. d4 cxd4 4. Nxd4 Nf6 5. Nc3 Nc6 6. Bc4 e6 7. Be3 Be7 8.
Qe2 O-O 9. O-O-O Ne5 10. Bb5 a6 11. f4 Nfg4 12. Bd3 Nxe3 13. Qxe3 b5 14. Kb1
Nxd3 15. Rxd3 Bd7 16. a3 Qb8 17. Rhd1 a5 18. g4 b4 19. Nce2 Qc7 20. g5 Rfc8 21.
R1d2 Ra6 22. h4 Qb7 23. Ng3 Rb6 24. axb4 axb4 25. Nb3 Ra6 26. h5 Bb5 27. h6
Bxd3 28. Qxd3 gxh6 29. gxh6 Rca8 30. Nh5 Qb6 31. Qg3+ Kf8 32. Rd1 Bd8 33. Qg7+
Ke8 34. Qh8+ Kd7 35. Qxh7 Qa7 36. Qxf7+ Be7 37. Kc1 Rf8 38. Qg6 Rc8 39. f5 Qe3+
40. Kb1 Qxe4 41. fxe6+ Qxe6 42. Qxe6+ Kxe6 43. Nf4+ Kf7 44. Nd5 Ra7 45. Nxb4
Kg6 46. c3 Bf8 47. Nd4 Rca8 48. Kc2 Ra1 49. Rd3 Bxh6 50. Nb3 Rh1 51. Rxd6+ Kf7
52. Nd4 Rh2+ 53. Kb3 Bc1 54. Ndc2 Bf4 55. Rb6 Be5 56. Nd3 Bh8 57. Rb7+ Kg6 58.
Ne3 Rd2 59. Nf4+ Kg5 60. Nc4 Rh2 61. Rb4 Ra6 62. Ne3 Rd2 63. Nfd5 Kh5 64. Rb5
Kg6 65. Nf4+ Kh7 66. Rb7+ Kh6 67. Nc4 Rd1 68. Rb5 Kh7 69. Kb4 Rd8 70. Rb7+ Kh6
71. Kc5 Rc8+ 72. Kb5 Raa8 73. Nd5 Rg8 74. b4 Rg5 75. Ncb6 Ra1 76. c4 Bb2 77. c5
Bd4 78. Rd7 Be5 79. Nc4 Bg3 80. Kc6 Rg6+ 81. Kb7 Rga6 82. Na5 R6xa5 83. bxa5
Rxa5 84. c6 Ra2 85. Nb6 Rb2 86. Rd4 Kg5 87. Ka6 Kf5 88. Nc4 Rb8 89. Rd3 Bf4 90.
Nd6+ Ke6 91. Nb5 Kf5 92. Nd6+ Ke6 93. Nb5 Kf5 94. Rd7 Ke6 95. Nd4+ Kf6 96. Ne2
Be5 97. Ka5 Rd8 98. Rxd8 Bc7+ 99. Ka6 Bxd8 100. Kb7 Kg6 101. Kc8 Bb6 102. Nc3
Kf5 103. Kd7 Ba5 104. Nb5 Ke4 105. Ke6 Kf4 106. Nc3 Kg4 107. Nd5 Kf3 108. Ke5
Kg3 109. Ke4 Kh3 110. Kd4 Kg4 111. Kc5 Bd8 112. Kd6 Kf3 113. Ke5 Ba5 114. Nf6
Bc7+ 115. Kd4 Bf4 116. Kc5 Bc7 117. Nd5 Be5 118. Nc3 Kg4 119. Nb5 Kf5 120. Kb6
Kg5 121. Na3 Kh5 122. Kb7 Kh6 123. Kc8 Kg7 124. Nc4 Bf4 125. Kd7 Bb8 126. Ke6
Kh7 127. Kf7 Kh8 128. Ne3 Kh7 129. Nf5 Kh8 130. Nd4 Kh7 131. Nf3 Bd6 132. Ng5+
Kh8 133. Ne4 Bc7 134. Nf6 Bd6 135. Ke6 Bb8 136. Nd7 Bc7 137. Nf6 Bb8 138. Kd7
Kg7 139. Ne4 Kh6 140. Nc3 Kh7 141. Nb5 Kg6 142. Nc7 Kf5 143. Kc8 Ba7 144. Nb5
Bb6 145. Nc7 Ba7 146. Kb7 Bf2 147. Nb5 Bg3 148. c7 Bxc7 1/2-1/2

[Event "ICS rated standard match"]
[Site "204.178.125.65"]
[Date "2000.08.02"]
[Round "?"]
[White "Hossa"]
[Black "bigdave"]
[Result "1-0"]
[WhiteElo "2331"]
[BlackElo "1901"]
[PlyCount "55"]
[EventDate "2000.??.??"]

1. e4 c6 2. d4 d5 3. exd5 cxd5 4. Bd3 Nf6 5. c3 e6 6. Be3 Bd6 7. Na3 a6 8. Nf3
O-O 9. Nc2 Nc6 10. Bg5 h6 11. Bh4 Be7 12. Ne5 Nxe5 13. dxe5 Nd7 14. Bxe7 Qxe7
15. f4 Nc5 16. O-O Bd7 17. Nd4 Nxd3 18. Qxd3 Qc5 19. Kh1 Qc4 20. Qh3 Rfd8 21.
g4 Bb5 22. Rf3 Rac8 23. Qh4 Qc7 24. Rh3 Kf8 25. g5 hxg5 26. Qxg5 Kg8 27. Rg1 g6
28. Qf6 {bigdave resigns} 1-0

[Event "ICS rated blitz match"]
[Site "204.178.125.65"]
[Date "2000.08.02"]
[Round "?"]
[White "Hossa"]
[Black "Jackal"]
[Result "1-0"]
[WhiteElo "2488"]
[BlackElo "1983"]
[PlyCount "81"]
[EventDate "2000.??.??"]

1. e4 e5 2. Nc3 Nf6 3. Nf3 Nc6 4. d3 Be7 5. d4 d6 6. Bb5 O-O 7. Bxc6 bxc6 8.
dxe5 Ng4 9. Bf4 Ba6 10. h3 Nxe5 11. Bxe5 dxe5 12. Nxe5 Qe8 13. Nd3 Bd6 14. Qh5
f5 15. Qxe8 Raxe8 16. f3 fxe4 17. fxe4 Bg3+ 18. Kd2 Bxd3 19. cxd3 Rf2+ 20. Ne2
Rxg2 21. Rag1 Bf4+ 22. Kd1 Rxg1+ 23. Rxg1 Be5 24. Kc2 c5 25. Rf1 Rb8 26. b3 g6
27. Kd2 Kg7 28. Nf4 Kh6 29. Nd5 Rd8 30. Rf7 c6 31. Ne7 Rd6 32. Nc8 Rd8 33. Nxa7
g5 34. Nxc6 Bf4+ 35. Rxf4 Rd6 36. e5 Rxc6 37. Rf6+ Rxf6 38. exf6 Kg6 39. a4
Kxf6 40. a5 Ke6 41. a6 {Jackal resigns} 1-0

[Event "ICS rated standard match"]
[Site "204.178.125.65"]
[Date "2000.08.02"]
[Round "?"]
[White "Y-ElGhazali"]
[Black "Hossa"]
[Result "0-1"]
[WhiteElo "2302"]
[BlackElo "2333"]
[PlyCount "45"]
[EventDate "2000.??.??"]

1. Nf3 d5 2. g3 Nc6 3. d4 Bg4 4. Bg2 e6 5. O-O Bd6 6. c4 dxc4 7. Qa4 Nge7 8.
Qxc4 Nd5 9. e4 Nb6 10. Qd3 Be7 11. Be3 f5 12. Nc3 fxe4 13. Nxe4 O-O 14. Nfg5
Nd5 15. h3 Bf5 16. g4 Bxg5 17. gxf5 Nxe3 18. Nxg5 Nxg2 19. Nxe6 Qd5 20. Nxc7
Nf4 21. Nxd5 Nxd3 22. Rfd1 Nxf2 23. Rf1 {Y-ElGhazali resigns} 0-1

[Event "ICS rated standard match"]
[Site "204.178.125.65"]
[Date "2000.08.02"]
[Round "?"]
[White "Hossa"]
[Black "stevesand"]
[Result "1-0"]
[WhiteElo "2348"]
[BlackElo "2019"]
[PlyCount "60"]
[EventDate "2000.??.??"]

1. e4 c6 2. d4 d5 3. exd5 cxd5 4. Bd3 Nc6 5. Nf3 Nf6 6. O-O Bg4 7. c3 e6 8. h3
Bh5 9. Re1 Be7 10. Kf1 O-O 11. Nbd2 Rb8 12. Nb3 b5 13. Bf4 Bd6 14. Bg5 b4 15.
g4 Bg6 16. Ne5 Qc7 17. Nxg6 hxg6 18. Qf3 Nh7 19. Bd2 bxc3 20. bxc3 a5 21. Rab1
a4 22. Nc5 Bxc5 23. dxc5 Qa5 24. Qe3 Nf6 25. Bxg6 Nd7 26. Rxb8 Ncxb8 27. Bc2
Nxc5 28. c4 Qc7 29. Bc3 dxc4 30. Bxg7 Nd3 {stevesand resigns} 1-0

[Event "ICS rated standard match"]
[Site "204.178.125.65"]
[Date "2000.08.02"]
[Round "?"]
[White "stevesand"]
[Black "Hossa"]
[Result "0-1"]
[WhiteElo "2015"]
[BlackElo "2352"]
[PlyCount "52"]
[EventDate "2000.??.??"]

1. e4 e5 2. Nf3 d6 3. d4 Nd7 4. Bc4 c6 5. O-O Be7 6. a4 exd4 7. Nxd4 Ne5 8. Ba2
Nf6 9. Nc3 Ng6 10. h3 h6 11. Be3 Qc7 12. Qe2 Nh7 13. Rad1 Nh4 14. Rfe1 Ng5 15.
f4 Nxh3+ 16. gxh3 Bxh3 17. Bf2 Qc8 18. f5 h5 19. e5 Bg4 20. Qe3 d5 21. f6 Bxd1
22. e6 Bxf6 23. Rxd1 Bxd4 24. Qxd4 Nf3+ 25. Kh1 Nxd4 26. Bxd4 Qxe6 {
stevesand resigns} 0-1

[Event "ICS rated standard match"]
[Site "204.178.125.65"]
[Date "2000.08.02"]
[Round "?"]
[White "Hossa"]
[Black "stevesand"]
[Result "1-0"]
[WhiteElo "2356"]
[BlackElo "2011"]
[PlyCount "71"]
[EventDate "2000.??.??"]

1. e4 c6 2. d4 d5 3. exd5 cxd5 4. Bd3 Nc6 5. Nf3 Nf6 6. O-O Bg4 7. c3 e6 8. h3
Bh5 9. Re1 Be7 10. Qe2 O-O 11. Kh1 Bg6 12. Bxg6 hxg6 13. Rg1 Rb8 14. Be3 b5 15.
Ne5 Qc7 16. Nd2 b4 17. c4 Rfc8 18. Nxc6 Qxc6 19. c5 a5 20. Nf3 Ne4 21. Bf4 Ra8
22. Ne5 Qa6 23. Qf3 Bf6 24. Qe3 Bxe5 25. Bxe5 f6 26. Bf4 g5 27. Bh2 f5 28. f3
f4 29. Qe1 Nf6 30. h4 Kf7 31. hxg5 Rh8 32. g4 Qd3 33. gxf6 Qxf3+ 34. Rg2 gxf6
35. Qf2 Qe4 36. Re1 {stevesand resigns} 1-0

[Event "ICS rated standard match"]
[Site "204.178.125.65"]
[Date "2000.08.02"]
[Round "?"]
[White "stevesand"]
[Black "Hossa"]
[Result "0-1"]
[WhiteElo "2007"]
[BlackElo "2360"]
[PlyCount "96"]
[EventDate "2000.??.??"]

1. e4 c5 2. Nf3 d6 3. d4 cxd4 4. Nxd4 Nf6 5. Nc3 Nc6 6. Bg5 e6 7. Qd2 a6 8.
O-O-O Bd7 9. f4 b5 10. Be2 b4 11. Nb1 Nxe4 12. Bxd8 Nxd2 13. Nxc6 Bxc6 14. Nxd2
Kxd8 15. Nc4 Kc7 16. Rhg1 d5 17. Ne5 Bc5 18. Rgf1 Be3+ 19. Kb1 Be8 20. f5 Bh6
21. fxe6 fxe6 22. Bg4 Bb5 23. Rfe1 Rhe8 24. Nd3 Bxd3 25. Rxd3 Kd6 26. a3 bxa3
27. Rxa3 e5 28. Rd1 d4 29. Ra5 Be3 30. Be2 e4 31. Rxa6+ Ke5 32. Rxa8 Rxa8 33.
Rf1 Bg5 34. Rf7 Bf6 35. Rd7 Kf5 36. Rb7 Kf4 37. Rb3 d3 38. cxd3 Ke3 39. Bg4
exd3 40. Bf5 Rd8 41. Bxh7 Ke2 42. Bxd3+ Rxd3 43. Rxd3 Kxd3 44. Kc1 Ke3 45. b4
Kf2 46. g4 Kf3 47. b5 Kxg4 48. b6 Be5 {stevesand resigns} 0-1

[Event "ICS rated standard match"]
[Site "204.178.125.65"]
[Date "2000.08.02"]
[Round "?"]
[White "Hossa"]
[Black "stevesand"]
[Result "1-0"]
[WhiteElo "2364"]
[BlackElo "2003"]
[PlyCount "44"]
[EventDate "2000.??.??"]

1. d4 Nf6 2. c4 g6 3. Nc3 d5 4. Nf3 Bg7 5. Qb3 dxc4 6. Qxc4 O-O 7. e4 Bg4 8.
Ne5 Be6 9. d5 Bc8 10. Be3 Nfd7 11. Nf3 Nb6 12. Qb3 e6 13. O-O-O exd5 14. Nxd5
Nxd5 15. Rxd5 Qf6 16. e5 Qf5 17. Ng5 Be6 18. Nxe6 fxe6 19. Bd3 Qh5 20. Rc5 Nc6
21. Qxe6+ Kh8 22. f4 Rxf4 {stevesand resigns} 1-0

[Event "ICS Rated standard match"]
[Site "204.178.125.65"]
[Date "2000.08.02"]
[Round "?"]
[White "ravana"]
[Black "Hossa"]
[Result "0-1"]
[WhiteElo "2132"]
[BlackElo "2368"]
[PlyCount "33"]
[EventDate "2000.??.??"]

1. c4 e5 2. Nc3 Nf6 3. g3 d5 4. cxd5 Nxd5 5. Bg2 Nxc3 6. bxc3 Nc6 7. Rb1 Bc5 8.
e3 Qd3 9. Bb2 Bf5 10. Rc1 O-O-O 11. Qe2 Qd6 12. d4 exd4 13. cxd4 Bxd4 14. Bxc6
Qb4+ 15. Qd2 Qxd2+ 16. Kxd2 Bxb2+ 17. Ke2 0-1

[Event "ICS rated standard match"]
[Site "204.178.125.65"]
[Date "2000.08.02"]
[Round "?"]
[White "Hossa"]
[Black "Trap"]
[Result "1-0"]
[WhiteElo "2369"]
[BlackElo "2108"]
[PlyCount "85"]
[EventDate "2000.??.??"]

1. e4 d5 2. exd5 Qxd5 3. Nc3 Qa5 4. d4 c6 5. Nf3 Bf5 6. Bd2 Qd8 7. Bf4 e6 8.
Bd3 Bxd3 9. Qxd3 Bb4 10. a3 Bxc3+ 11. Qxc3 Nf6 12. Qb4 Qe7 13. Bd6 Qd7 14. Ne5
Qc8 15. Nc4 Nd5 16. Qb3 Nd7 17. Bg3 O-O 18. Nd6 Qd8 19. Nxb7 Qb6 20. Qxb6 axb6
21. c4 N5f6 22. Ke2 Ne8 23. Bd6 Nxd6 24. Nxd6 Nf6 25. c5 bxc5 26. dxc5 Ne8 27.
Rad1 Nxd6 28. cxd6 Rfd8 29. Rd3 Rd7 30. Rc1 Rc8 31. b4 f6 32. b5 c5 33. Rc4 e5
34. a4 g6 35. a5 f5 36. Rd5 e4 37. b6 Rc6 38. Rcxc5 Rxc5 39. Rxc5 Rxd6 40. b7
Rd3 41. b8=Q+ Kg7 42. Qc7+ Kh6 43. Rc3 1-0

[Event "ICS rated standard match"]
[Site "204.178.125.65"]
[Date "2000.08.02"]
[Round "?"]
[White "stevesand"]
[Black "Hossa"]
[Result "0-1"]
[WhiteElo "1993"]
[BlackElo "2375"]
[PlyCount "59"]
[EventDate "2000.??.??"]

1. e4 e5 2. Nf3 d6 3. d4 Nd7 4. Bc4 c6 5. O-O Be7 6. h3 exd4 7. Nxd4 Nb6 8. Bd3
Bf6 9. Nf5 Ne7 10. Nc3 Nxf5 11. exf5 Be5 12. Bd2 Nd7 13. Kh1 Nc5 14. f4 Nxd3
15. cxd3 Bd4 16. Re1+ Kf8 17. Qh5 d5 18. Re2 g6 19. fxg6 hxg6 20. Qf3 Qh4 21.
Be1 Qg4 22. Qxg4 Bxg4 23. Rc2 Be3 24. Bd2 Re8 25. Re1 Bd4 26. Rxe8+ Kxe8 27.
Na4 Bd1 28. Bc3 Bxc2 29. Bxd4 Rh4 30. Nc3 0-1

[Event "ICS rated blitz match"]
[Site "204.178.125.65"]
[Date "2000.08.02"]
[Round "?"]
[White "MissSilicon"]
[Black "Hossa"]
[Result "1-0"]
[WhiteElo "2722"]
[BlackElo "2490"]
[PlyCount "143"]
[EventDate "2000.??.??"]

1. c4 e5 2. Nc3 Nf6 3. g3 d5 4. cxd5 Nxd5 5. Bg2 Nxc3 6. bxc3 Nc6 7. Qa4 Bd7 8.
Qb5 Bd6 9. Qxb7 Rb8 10. Qa6 Rb6 11. Qd3 Ne7 12. Nf3 f5 13. Qc4 Bb5 14. Qh4 e4
15. Nd4 Bd7 16. g4 c5 17. Nxf5 Nxf5 18. Qxd8+ Kxd8 19. gxf5 Bxf5 20. O-O Bc7
21. Ba3 Rh6 22. h3 Rg6 23. Kh1 c4 24. f3 Rh6 25. fxe4 Bxh3 26. Bxh3 Rxh3+ 27.
Kg2 Rh2+ 28. Kf3 g5 29. Rg1 h6 30. d3 Be5 31. d4 Rh3+ 32. Kg4 Rxc3 33. Bb4 Re3
34. dxe5 Rxe4+ 35. Kf5 Rxe2 36. Rgd1+ Kc7 37. Rdc1 Kd7 38. e6+ Kc6 39. Rxc4+
Kb5 40. Rd4 a6 41. a4+ Kb6 42. e7 a5 43. Rd8 axb4 44. Rxh8 Rxe7 45. a5+ Kc5 46.
Rxh6 Rg7 47. a6 Ra7 48. Ra5+ Kd4 49. Rb6 Kc3 50. Kxg5 Rg7+ 51. Kh6 Ra7 52. Rb7
Ra8 53. Kg7 b3 54. a7 Kc2 55. Rb8 b2 56. Rxa8 b1=Q 57. Rc8+ Kd3 58. a8=Q Qg1+
59. Kf7 Qf2+ 60. Kg6 Qg3+ 61. Rg5 Qd6+ 62. Kh5 Qh2+ 63. Kg4 Qg1+ 64. Kh3 Qxg5
65. Qf3+ Kd4 66. Qc3+ Ke4 67. Qc4+ Ke5 68. Re8+ Kf6 69. Qe6+ Kg7 70. Rg8+ Kh7
71. Qf7+ Kh6 72. Rh8# 1-0

[Event "ICS rated blitz match"]
[Site "204.178.125.65"]
[Date "2000.08.02"]
[Round "?"]
[White "Hossa"]
[Black "MissSilicon"]
[Result "0-1"]
[WhiteElo "2483"]
[BlackElo "2729"]
[PlyCount "82"]
[EventDate "2000.??.??"]

1. e4 e5 2. Nc3 Nf6 3. Nf3 Nc6 4. d3 Bb4 5. Bd2 d6 6. a3 Bxc3 7. Bxc3 O-O 8.
Be2 Re8 9. b3 d5 10. Nd2 Qe7 11. Bf3 Qc5 12. exd5 e4 13. Bxe4 Nxd5 14. Bb2 f5
15. Qh5 g6 16. Qh6 Qe7 17. O-O-O fxe4 18. dxe4 Nf6 19. f3 Be6 20. h4 Rad8 21.
h5 Nxh5 22. g4 Ng3 23. Rh2 Nd4 24. Bxd4 Rxd4 25. Rg1 Ne2+ 26. Rxe2 Qxa3+ 27.
Kb1 Ra4 28. c3 Qa1+ 29. Kc2 Ra2+ 30. Kd3 Rd8+ 31. Ke3 Qxg1+ 32. Kf4 Rf8+ 33.
Qxf8+ Kxf8 34. c4 Qc1 35. Re3 Qxd2 36. e5 g5+ 37. Kxg5 Qxe3+ 38. f4 h6+ 39. Kg6
Qxf4 40. Kh7 Bg8+ 41. Kg6 Qg5# 0-1

[Event "ICS rated standard match"]
[Site "204.178.125.65"]
[Date "2000.08.02"]
[Round "?"]
[White "Hossa"]
[Black "stevesand"]
[Result "1-0"]
[WhiteElo "2378"]
[BlackElo "2003"]
[PlyCount "53"]
[EventDate "2000.??.??"]

1. e4 c6 2. d4 d5 3. exd5 cxd5 4. Bd3 Nc6 5. Nf3 Nf6 6. O-O Bg4 7. c3 e6 8. h3
Bh5 9. Re1 Be7 10. Kf1 O-O 11. Nbd2 Rb8 12. Nb3 b5 13. Bf4 Bd6 14. Bg5 a5 15.
Nc5 Re8 16. Qe2 b4 17. Rab1 Bxc5 18. dxc5 bxc3 19. bxc3 Rxb1 20. Rxb1 e5 21. g4
Bg6 22. Bxg6 hxg6 23. Rb6 Qc8 24. Qb5 Na7 25. Qxa5 Nc6 26. Qb5 Na7 27. Qa4 1-0

[Event "ICS rated standard match"]
[Site "204.178.125.65"]
[Date "2000.08.02"]
[Round "?"]
[White "stevesand"]
[Black "Hossa"]
[Result "0-1"]
[WhiteElo "2000"]
[BlackElo "2381"]
[PlyCount "70"]
[EventDate "2000.??.??"]

1. e4 e5 2. Nf3 d6 3. d4 Nd7 4. Bc4 c6 5. O-O Be7 6. a4 exd4 7. Nxd4 Ne5 8. Bb3
Nf6 9. Nc3 c5 10. Nf5 Bxf5 11. exf5 c4 12. Ba2 d5 13. Re1 Nc6 14. Bg5 O-O 15.
Bxf6 Bxf6 16. Nxd5 Bxb2 17. Rb1 Bd4 18. Bxc4 Bxf2+ 19. Kxf2 Qh4+ 20. Kg1 Qxc4
21. Rb3 Rfd8 22. Rd3 Qc5+ 23. Kh1 Re8 24. f6 Rxe1+ 25. Qxe1 Qxc2 26. Rg3 g6 27.
h3 Qxa4 28. Qc1 Qh4 29. Rg4 Qh5 30. Qc5 Kh8 31. Qd6 Rd8 32. Re4 h6 33. Qxd8+
Nxd8 34. Re8+ Kh7 35. Rxd8 Qe5 0-1

[Event "ICS rated blitz match"]
[Site "204.178.125.65"]
[Date "2000.08.02"]
[Round "?"]
[White "Hossa"]
[Black "QueenMaxima"]
[Result "0-1"]
[WhiteElo "2477"]
[BlackElo "2521"]
[PlyCount "126"]
[EventDate "2000.??.??"]

1. e4 c5 2. c3 d5 3. Bb5+ Bd7 4. Bxd7+ Qxd7 5. exd5 Qxd5 6. Qf3 Nf6 7. d3 Qd7
8. Bf4 Nc6 9. Ne2 g5 10. Bg3 h5 11. h4 g4 12. Qf4 Qxd3 13. Qd2 Qe4 14. O-O Rd8
15. Qe3 Qxe3 16. fxe3 Bh6 17. Bf4 Nd5 18. Kf2 Bxf4 19. exf4 Rh6 20. Rd1 Rf6 21.
Nd2 Nxf4 22. Ne4 Rf5 23. Rxd8+ Kxd8 24. Rd1+ Nd5+ 25. Kg1 Ke8 26. N2g3 Re5 27.
a3 Nf4 28. b4 c4 29. a4 Nd3 30. Nd2 Nb2 31. Rb1 Nxa4 32. Nxc4 Rd5 33. Ne2 b5
34. Na3 Re5 35. Nd4 Nxc3 36. Nxc6 Nxb1 37. Nxe5 Nxa3 38. Kf2 f6 39. Nd3 e5 40.
Ke2 Ke7 41. Nc5 Nc2 42. Na6 Nd4+ 43. Kf1 Kd6 44. Nc5 f5 45. Kg1 Nc2 46. Nd3 e4
47. Nf4 Ke5 48. Ng6+ Kd4 49. Nf4 Nxb4 50. Nxh5 Nd3 51. Ng7 Ke5 52. h5 f4 53. h6
e3 54. h7 e2 55. Kh2 e1=Q 56. h8=R Qg3+ 57. Kg1 f3 58. Re8+ Kd5 59. Rd8+ Ke4
60. Re8+ Ne5 61. Rxe5+ Kxe5 62. Kf1 Qxg2+ 63. Ke1 Qe2# {Hossa checkmated} 0-1

[Event "ICS rated standard match"]
[Site "204.178.125.65"]
[Date "2000.08.02"]
[Round "?"]
[White "MissSilicon"]
[Black "Hossa"]
[Result "1-0"]
[WhiteElo "2421"]
[BlackElo "2387"]
[PlyCount "93"]
[EventDate "2000.??.??"]

1. Nf3 d5 2. c4 d4 3. g3 g6 4. Bg2 Bg7 5. d3 Nc6 6. Qa4 Bd7 7. O-O e5 8. Nbd2
f6 9. Ne4 b6 10. b4 f5 11. Ned2 e4 12. Ne1 a6 13. Qb3 e3 14. Ndf3 exf2+ 15.
Rxf2 Nge7 16. Nc2 Be6 17. Ng5 Bg8 18. b5 Na5 19. Qb2 c6 20. bxc6 Naxc6 21. Nb4
Rc8 22. Nxa6 h6 23. Nf3 Ra8 24. Qb5 Kf7 25. Nh4 Qc8 26. Nb4 Nxb4 27. Bxa8 Qxa8
28. Qxb4 Qd8 29. Nf3 Bh7 30. Rb1 Nc8 31. c5 bxc5 32. Qc4+ Kf8 33. Ba3 Ne7 34.
Bxc5 Qc8 35. Rb6 Ke8 36. Qb5+ Kf7 37. Qb3+ Ke8 38. Rb8 Qxb8 39. Qxb8+ Kf7 40.
Qb3+ Ke8 41. Qe6 Bf6 42. Qxf6 Nd5 43. Qe6+ Kd8 44. Ne5 Kc7 45. Qd7+ Kb8 46.
Nc6+ Ka8 47. Qa7# {Hossa checkmated} 1-0

[Event "ICS rated standard match"]
[Site "204.178.125.65"]
[Date "2000.08.02"]
[Round "?"]
[White "greekgift"]
[Black "Hossa"]
[Result "0-1"]
[WhiteElo "1948"]
[BlackElo "2353"]
[PlyCount "106"]
[EventDate "2000.??.??"]

1. e4 e5 2. Nf3 d6 3. d4 Nd7 4. Bc4 c6 5. O-O Be7 6. dxe5 dxe5 7. Ng5 Bxg5 8.
Qh5 Qe7 9. Bxg5 Ngf6 10. Qh4 Nc5 11. f3 Be6 12. Bb3 Nxb3 13. axb3 Qc5+ 14. Qf2
Qxf2+ 15. Rxf2 Ke7 16. Nc3 a6 17. Rd1 Rad8 18. Rfd2 Rxd2 19. Rxd2 h6 20. Be3
Nd7 21. Na4 f6 22. Nc5 Nxc5 23. Bxc5+ Kf7 24. Rd6 g6 25. Kf2 f5 26. Ke3 h5 27.
h3 g5 28. c4 f4+ 29. Kd3 g4 30. hxg4 hxg4 31. Kc3 Rh1 32. Kb4 Rh2 33. fxg4 Rxg2
34. Ka5 Rxb2 35. Rd3 Bxg4 36. Kb6 f3 37. Kxb7 f2 38. Bxf2 Rxf2 39. Kxc6 Rf3 40.
Rd5 Be6 41. Rxe5 Rxb3 42. c5 Rb4 43. Kd6 Rd4+ 44. Kc7 Kf6 45. Rh5 Rxe4 46. c6
Rb4 47. Ra5 Bc4 48. Kd6 Bb5 49. c7 Rc4 50. Ra2 Rc6+ 51. Kd7 Rc2+ 52. Kd8 Rxa2
53. c8=Q Rd2+ {greekgift resigns} 0-1

[Event "ICS rated standard match"]
[Site "204.178.125.65"]
[Date "2000.08.02"]
[Round "?"]
[White "Hossa"]
[Black "greekgift"]
[Result "1-0"]
[WhiteElo "2356"]
[BlackElo "1945"]
[PlyCount "67"]
[EventDate "2000.??.??"]

1. Nf3 e6 2. g3 f5 3. d4 Nf6 4. Bg2 Be7 5. c4 O-O 6. e3 d6 7. Nc3 a5 8. d5 e5
9. Ng5 Na6 10. Ne6 Bxe6 11. dxe6 Nc5 12. Na4 Nxa4 13. Qxa4 c6 14. Qc2 g6 15.
Qb3 Qc8 16. h4 a4 17. Qb4 Qc7 18. Ke2 d5 19. Qd2 dxc4 20. Qc2 b5 21. e4 fxe4
22. Bh6 Rfd8 23. h5 Nxh5 24. Bxe4 Bf8 25. Bg5 Re8 26. Bxg6 hxg6 27. Qxg6+ Qg7
28. Qxh5 Rxe6 29. Rad1 e4 30. Qh3 Rae8 31. Rd7 R6e7 32. Bxe7 Bxe7 33. Qe6+ Kf8
34. Rh5 {greekgift resigns} 1-0

[Event "ICS rated standard match"]
[Site "204.178.125.65"]
[Date "2000.08.02"]
[Round "?"]
[White "Hossa"]
[Black "greekgift"]
[Result "1-0"]
[WhiteElo "2359"]
[BlackElo "1961"]
[PlyCount "127"]
[EventDate "2000.??.??"]

1. Nf3 e6 2. g3 f5 3. d4 Nf6 4. Bg2 Be7 5. c4 O-O 6. e3 d6 7. Nc3 a5 8. d5 e5
9. Ng5 Na6 10. Ne6 Bxe6 11. dxe6 Nc5 12. Na4 Nfe4 13. f3 Nxa4 14. fxe4 Nc5 15.
exf5 Rxf5 16. Rf1 Rxf1+ 17. Kxf1 Qf8+ 18. Kg1 Qf6 19. Bd2 c6 20. Qg4 Qxe6 21.
Qxe6+ Nxe6 22. Rf1 a4 23. Be4 Nc5 24. Bc2 Rf8 25. Bb4 d5 26. cxd5 cxd5 27. Rd1
Rd8 28. Rc1 Bf8 29. Bxc5 Bxc5 30. Bxh7+ Kxh7 31. Rxc5 Rd7 32. a3 Kg6 33. Kf2
Kf5 34. Kf3 Ke6 35. Ra5 Rc7 36. Rxa4 Rc2 37. Rb4 Rxh2 38. Rxb7 g6 39. g4 g5 40.
a4 e4+ 41. Kg3 Re2 42. Rb3 Re1 43. Kf2 Ra1 44. Rb6+ Kd7 45. b3 Ra2+ 46. Kf1
Ra1+ 47. Ke2 Rg1 48. Kf2 Rxg4 49. Rg6 Rh4 50. Rxg5 Kc6 51. b4 Rh2+ 52. Rg2 Rh1
53. Rg6+ Kc7 54. Rg1 Rh2+ 55. Rg2 Rh1 56. Rg7+ Kc6 57. Rg8 Rh2+ 58. Kg3 Ra2 59.
Rg6+ Kc7 60. a5 Ra3 61. Kf4 Kd7 62. a6 Kc7 63. b5 Rb3 64. b6+ {
greekgift resigns} 1-0

[Event "ICS rated standard match"]
[Site "204.178.125.65"]
[Date "2000.08.02"]
[Round "?"]
[White "greekgift"]
[Black "Hossa"]
[Result "0-1"]
[WhiteElo "1958"]
[BlackElo "2362"]
[PlyCount "51"]
[EventDate "2000.??.??"]

1. e4 e5 2. Nf3 d6 3. d4 Nd7 4. Bc4 c6 5. O-O Be7 6. dxe5 dxe5 7. Ng5 Bxg5 8.
Qh5 Qe7 9. Bxg5 Ngf6 10. Qh4 Nc5 11. Bxf6 Qxf6 12. Qxf6 gxf6 13. f3 b5 14. Be2
f5 15. exf5 Bxf5 16. Na3 Na4 17. b3 Nc3 18. Bd3 Bxd3 19. cxd3 Ne2+ 20. Kf2 Nf4
21. Rad1 O-O-O 22. g3 Nxd3+ 23. Ke3 Nb4 24. Rxd8+ Rxd8 25. Rf2 f5 26. Rd2 {
greekgift resigns} 0-1

[Event "ICS rated standard match"]
[Site "204.178.125.65"]
[Date "2000.08.02"]
[Round "?"]
[White "F-Maximo"]
[Black "Hossa"]
[Result "0-1"]
[WhiteElo "2069"]
[BlackElo "2365"]
[PlyCount "69"]
[EventDate "2000.??.??"]

1. e4 e5 2. Nf3 Nc6 3. Bb5 a6 4. Ba4 Nf6 5. O-O Be7 6. Re1 b5 7. Bb3 d6 8. c3
O-O 9. h3 Na5 10. Bc2 c5 11. d4 Qc7 12. Nbd2 cxd4 13. cxd4 Bd7 14. d5 Rac8 15.
Bd3 Ne8 16. Nf1 f5 17. Ng3 fxe4 18. Nxe4 h6 19. Nh2 Qb6 20. Be3 Qb7 21. Bxh6
gxh6 22. Qh5 Qxd5 23. Qg6+ Ng7 24. Nc3 Qe6 25. Qh7+ Kf7 26. Re3 Bg5 27. Rf3+
Bf4 28. Ng4 Rh8 29. Qe4 Nh5 30. Ne3 Rhg8 31. Ncd5 Bc6 32. Rd1 Nb7 33. b4 Rcf8
34. Bc2 Nf6 35. Qh7+ {F-Maximo resigns} 0-1

[Event "ICS rated standard match"]
[Site "204.178.125.65"]
[Date "2000.08.02"]
[Round "?"]
[White "JudgeTurpin"]
[Black "Hossa"]
[Result "0-1"]
[WhiteElo "2426"]
[BlackElo "2368"]
[PlyCount "138"]
[EventDate "2000.??.??"]

1. d4 Nf6 2. c4 e6 3. Nf3 b6 4. Nc3 Bb4 5. e3 O-O 6. Bd3 d6 7. Bd2 e5 8. dxe5
dxe5 9. Nxe5 Re8 10. Qf3 c6 11. Bxh7+ Kxh7 12. Nxf7 Qd3 13. Ng5+ Kg8 14. Qe2
Bf5 15. a3 Bd6 16. f3 Qxe2+ 17. Kxe2 Bc2 18. g3 Bb3 19. Kd3 Nbd7 20. Nce4 Nxe4
21. Nxe4 Rxe4 22. fxe4 Nc5+ 23. Ke2 Bxc4+ 24. Kd1 Be5 25. Rc1 Bb3+ 26. Ke2 Bxb2
27. Bb4 Bxc1 28. Rxc1 Nxe4 29. Rxc6 Kh7 30. Be7 Bd5 31. Rc7 Re8 32. Kd3 a6 33.
Kd4 Ba8 34. Ra7 a5 35. a4 Kg6 36. Rc7 Nf6 37. Bxf6 Kxf6 38. Kd3 Rd8+ 39. Ke2
Be4 40. h4 Rd6 41. Rc8 Bc6 42. Rf8+ Ke7 43. Rf4 b5 44. Rg4 Kf7 45. axb5 Bxb5+
46. Kf3 a4 47. Rb4 Rb6 48. Kf4 a3 49. Rb1 a2 50. Ra1 Bc4 51. Rc1 Rb1 52. Rxc4
Rf1+ 53. Kg4 a1=Q 54. Rf4+ Rxf4+ 55. Kxf4 Qf1+ 56. Ke4 Qg2+ 57. Kd3 Kg6 58. g4
Qxg4 59. e4 Kh5 60. Kd4 Qd1+ 61. Kc5 g5 62. hxg5 Kxg5 63. e5 Kf5 64. e6 Kxe6
65. Kc4 Kd6 66. Kc3 Kc5 67. Kb2 Kb4 68. Ka2 Kc3 69. Ka3 Qa1# 0-1

[Event "ICS rated standard match"]
[Site "204.178.125.65"]
[Date "2000.08.03"]
[Round "?"]
[White "Hossa"]
[Black "Varguz"]
[Result "0-1"]
[WhiteElo "2387"]
[BlackElo "2617"]
[PlyCount "112"]
[EventDate "2000.??.??"]

1. e4 e5 2. Nf3 Nc6 3. Bb5 a6 4. Ba4 Nf6 5. O-O Nxe4 6. d4 b5 7. Bb3 d5 8. dxe5
Be6 9. Be3 Be7 10. a4 O-O 11. axb5 axb5 12. Rxa8 Qxa8 13. Bxd5 Rd8 14. Bxc6
Qxc6 15. Nd4 Qd7 16. Qd3 Bc4 17. Qxe4 Bxf1 18. Kxf1 c5 19. e6 fxe6 20. Nf3 Qd1+
21. Ne1 Qxb1 22. Qxe6+ Kf8 23. Qf5+ Ke8 24. Qh5+ Kf8 25. Bxc5 Qxb2 26. Qxh7 Rd5
27. Qh8+ Kf7 28. Bxe7 Kxe7 29. Qa8 Re5 30. f4 Re6 31. Qb7+ Kf6 32. g4 Qc1 33.
g5+ Kg6 34. f5+ Kxf5 35. Qf7+ Ke5 36. Qxg7+ Kd6 37. Qd4+ Kc6 38. Qc3+ Kb6 39.
Qg3 Ka6 40. h4 Qd1 41. Qf2 b4 42. g6 Qd5 43. Ng2 Rxg6 44. Ne3 Qh1+ 45. Ke2 Rh6
46. Ng2 Re6+ 47. Ne3 Qe4 48. Kd2 Qd4+ 49. Ke2 Qc4+ 50. Kd1 Rd6+ 51. Ke1 Qc3+
52. Kf1 Rf6 53. Kg1 Rxf2 54. Kxf2 b3 55. cxb3 Qxb3 56. Ng2 Kb6 {Hossa resigns}
0-1